ASIA-Pacific forestry - towards 2010 : executive summary of the Asia-Pacific forestry sector outlook study

Bibliographic Details
Corporate Author: Food and Agriculture Organization of the United Nations (FAO)
Format: Book
Published: Rome : Food and Agriculture Organization of the United Nations , 1998
Series:RAP publication : 1998/22
Subjects:

MARC

LEADER 00000cam a2200000 7i4500
001 0000002260
005 20030419.0
020 0 0 |a 9748653234 
090 0 0 |a 333.75   |b ASI 1998 
245 0 0 |a ASIA-Pacific forestry - towards 2010 :   |b executive summary of the Asia-Pacific forestry sector outlook study 
260 0 0 |a Rome :   |b Food and Agriculture Organization of the United Nations ,   |c 1998 
300 |a vii, 36 p. :   |b col. ill. ;   |c 30 cm. 
440 0 0 |a RAP publication : 1998/22 
650 0 0 |a Forests and forestry   |x Forecasting 
710 1 1 |a Food and Agriculture Organization of the United Nations (FAO) 
998 |a JPSM 
999 |a 0000004034   |b Monograph   |c Open Shelf   |e Default branch 
999 |a 0000006491   |b Monograph   |c Open Shelf   |e Default branch